000 00331nam a2200145Ia 4500
001 R-781
003 CODICE-MESSINA
005 20260212102457.0
008 260211s9999 xx 000 0 und d
040 _cimportazione_messina
100 _aWalter Veltroni
245 0 _aSemza Patricio
260 _bRizzoli
942 _2ddc
_cBK
999 _c27273
_d27273